[Event "Elit(Limhamn-LASK)"]
[Site "?"]
[Date "2016.01.16"]
[Round "4"]
[White "Eklund, Joel"]
[Black "Mauritsson, Sebastian"]
[Result "1/2-1/2"]
[WhiteElo "2212"]
[BlackElo "2307"]
[PlyCount "47"]

1. d4 d5 2. Bg5 h6 3. Bh4 c6 4. e3 Qb6 5. Qc1 e5 6. Nf3 exd4 7. exd4 Be7 8.
Bxe7 Nxe7 9. Bd3 Bf5 10. Bxf5 Nxf5 11. c3 O-O 12. O-O Qc7 13. Qc2 Nd6 14. Nbd2
Nd7 15. Rfe1 Rfe8 16. Ne5 Re7 17. Re3 Rae8 18. Rae1 Nf8 19. Qd3 f6 20. Nef3 Kf7
21. g3 Rxe3 22. Rxe3 Rxe3 23. Qxe3 Qe7 24. Qxe7+ 1/2-1/2

[Event "Elit(Vasteras-Team Viking)"]
[Site "?"]
[Date "2016.01.16"]
[Round "4"]
[White "Meier, Georg"]
[Black "Akesson, Ralf"]
[Result "1/2-1/2"]
[WhiteElo "2660"]
[BlackElo "2435"]
[PlyCount "143"]

1. Nf3 c5 2. c4 Nf6 3. Nc3 e6 4. g3 b6 5. Bg2 Bb7 6. O-O Be7 7. d4 cxd4 8. Qxd4
d6 9. Bg5 a6 10. Bxf6 Bxf6 11. Qf4 O-O 12. Rfd1 Be7 13. Ne4 Bxe4 14. Qxe4 Ra7
15. Nd4 Rc7 16. b3 Rc5 17. a4 Qc7 18. Qb1 g6 19. e3 Qc8 20. Ra2 Re8 21. Rc2 Rc7
22. h3 Bf8 23. Kh2 Nd7 24. Rdd2 Nf6 25. Qh1 Nd7 26. Qc1 Nc5 27. b4 Nd7 28. b5
Nc5 29. Qa3 a5 30. Rd1 f5 31. Qa2 Rf7 32. Bc6 Ree7 33. Rcd2 Rc7 34. f4 Be7 35.
Bf3 Bf8 36. Nc6 h5 37. Qc2 Qe8 38. Rg2 Rh7 39. Kg1 Qf7 40. g4 hxg4 41. hxg4
fxg4 42. Bxg4 Rh6 43. Nd4 Qf6 44. Nf3 Rd7 45. Kf2 e5 46. Ng5 Re7 47. Kf3 exf4
48. exf4 Re5 49. Rd5 Rh1 50. Rf2 Ree1 51. Bh3 Rc1 52. Qd2 Rxc4 53. Kg2 Qa1 54.
Nf3 Ne4 55. Qe2 Rcc1 56. Qxe4 Rcg1+ 57. Nxg1 Qxg1+ 58. Kf3 Rxh3+ 59. Ke2 Rh1
60. Qe6+ Kh8 61. Kf3 Qb1 62. Rg5 Qd3+ 63. Kg2 Qb1 64. Qd5 Qg1+ 65. Kf3 Rh3+ 66.
Ke2 Qb1 67. Qc4 Qb2+ 68. Kf1 Qb1+ 69. Ke2 Qb2+ 70. Kf1 Qb1+ 71. Ke2 Qb2+ 72.
Kf1 1/2-1/2

[Event "Elit(Vasteras-Team Viking)"]
[Site "?"]
[Date "2016.01.16"]
[Round "4"]
[White "Bergstrom, Peter"]
[Black "Berg, Emanuel"]
[Result "0-1"]
[WhiteElo "2278"]
[BlackElo "2571"]
[PlyCount "50"]

1. e4 c5 2. Nf3 d6 3. d4 cxd4 4. Nxd4 Nf6 5. Nc3 a6 6. Be3 e5 7. Nb3 Be6 8. f3
Be7 9. Qd2 h5 10. O-O-O Nbd7 11. Kb1 Rc8 12. Qf2 b5 13. h3 h4 14. Be2 Rxc3 15.
bxc3 Qc7 16. Bd3 d5 17. Rhe1 dxe4 18. fxe4 O-O 19. g4 Rb8 20. Nd4 exd4 21. cxd4
Bc4 22. Bf4 Qa5 23. c3 Rc8 24. d5 Nc5 25. Bxc4 Ncxe4 0-1

[Event "Elit(Vasteras-Team Viking)"]
[Site "?"]
[Date "2016.01.16"]
[Round "4"]
[White "Agrest, Evgenij"]
[Black "Vaarala, Eric"]
[Result "1-0"]
[WhiteElo "2587"]
[BlackElo "2298"]
[PlyCount "51"]

1. d4 d5 2. Nf3 c6 3. Bf4 e6 4. Nbd2 f5 5. e3 Nf6 6. Bd3 Be7 7. h3 Nbd7 8. g4
Ne4 9. c3 a5 10. Qc2 a4 11. c4 O-O 12. a3 Qa5 13. Rg1 Ndf6 14. Rg2 dxc4 15.
Bxc4 b5 16. Bd3 c5 17. gxf5 Bb7 18. Bh6 Nxd2 19. Rxg7+ Kh8 20. Nxd2 Rfe8 21.
dxc5 Rac8 22. Rxe7 Rxe7 23. Bg5 Kg7 24. fxe6 Rxe6 25. Bf5 Re5 26. Bxf6+ 1-0

[Event "Elit(Vasteras-Team Viking)"]
[Site "?"]
[Date "2016.01.16"]
[Round "4"]
[White "Norberg, Johan"]
[Black "Cramling, Pia"]
[Result "1/2-1/2"]
[WhiteElo "2291"]
[BlackElo "2523"]
[PlyCount "168"]

1. e4 c5 2. Nf3 e6 3. d3 Nc6 4. g3 g6 5. Bg2 Bg7 6. O-O Nge7 7. Qe2 e5 8. Nc3
d6 9. Nd5 Nxd5 10. exd5 Ne7 11. c4 O-O 12. Rb1 b5 13. b4 bxc4 14. dxc4 cxb4 15.
Rxb4 a5 16. Ra4 Qc7 17. Be3 Nf5 18. Rc1 e4 19. Ng5 Nxe3 20. fxe3 Bd7 21. Ra3
Rab8 22. Rb3 a4 23. Rxb8 Rxb8 24. c5 dxc5 25. Nxe4 Qe5 26. Nxc5 Bg4 27. Qd3 Rc8
28. Rc4 Bh6 29. Kf2 Qf6+ 30. Kg1 Qa1+ 31. Kf2 Qf6+ 32. Kg1 Qb6 33. h3 Rxc5 34.
Rxc5 Qxc5 35. hxg4 Bxe3+ 36. Kh2 Bg1+ 37. Kh1 Bd4 38. Kh2 Be5 39. Qe4 Qc3 40.
Bf3 Bd6 41. Kg2 a3 42. Qe2 Kg7 43. Kh3 Qc1 44. Kg2 Qg5 45. Qe1 Qf6 46. Qe3 Qb2+
47. Qe2 Qd4 48. Qe4 Qc3 49. Qe2 Qa1 50. Kh2 Qc1 51. Kg2 Kf8 52. Be4 Bc5 53. Qc2
Qg1+ 54. Kh3 Bd6 55. Qc8+ Ke7 56. Qb7+ Kf6 57. Qb3 Qe1 58. Qf3+ Kg7 59. Bc2 h6
60. Bb3 Qd2 61. Bc4 Qd4 62. Bb3 Qg1 63. Qc3+ Kf8 64. Qf3 Ke7 65. Qe4+ Kf6 66.
Qf3+ Kg5 67. Bc2 Qe1 68. Bd3 Qe5 69. Kg2 h5 70. gxh5 gxh5 71. Be2 Kg6 72. Kh3
Kg7 73. Bd3 Qg5 74. Be2 Kf8 75. Bc4 Qc1 76. Bb3 Qe1 77. Bc4 Kg7 78. Bd3 Qe5 79.
Bc4 f5 80. Bd3 Kg6 81. Be2 Kf6 82. Bd3 Kg6 83. Be2 Kg7 84. Bd3 Kg6 1/2-1/2

[Event "Elit(Vasteras-Team Viking)"]
[Site "?"]
[Date "2016.01.16"]
[Round "4"]
[White "Sagit, Rauan"]
[Black "Eriksson, Anders"]
[Result "1/2-1/2"]
[WhiteElo "2375"]
[BlackElo "2271"]
[PlyCount "140"]

1. Nf3 Nf6 2. g3 b6 3. Bg2 Bb7 4. O-O c5 5. c4 e6 6. d3 d5 7. cxd5 Nxd5 8. a3
Be7 9. d4 Nd7 10. dxc5 Nxc5 11. b4 Nd7 12. Bb2 O-O 13. Nbd2 Rc8 14. Rc1 Rxc1
15. Qxc1 Qa8 16. Qa1 N5f6 17. Rc1 Rc8 18. Qb1 b5 19. Rxc8+ Qxc8 20. Qd3 a6 21.
Ne1 Bxg2 22. Kxg2 Nb6 23. Nef3 Nfd7 24. Bd4 Qc6 25. e4 f6 26. Bxb6 Nxb6 27. Qb3
Kf7 28. Nd4 Qd6 29. N2f3 Nc4 30. Qa2 e5 31. Nb3 Qe6 32. Nc1 a5 33. bxa5 Nxa5
34. Qb1 Qc4 35. Nd3 Qb3 36. Nd2 Qxb1 37. Nxb1 Nc4 38. Nb4 Bc5 39. Nc2 Ke6 40.
Kf3 Kd6 41. Ke2 Kc6 42. f3 Kb6 43. g4 Bg1 44. h4 Bh2 45. Kd3 Bf4 46. Kc3 Kc5
47. Nb4 Be3 48. Nd3+ Kb6 49. a4 Nd6 50. axb5 Nxb5+ 51. Kc4 Nd4 52. Nc3 Kc6 53.
Nd5 Bd2 54. g5 Nxf3 55. gxf6 gxf6 56. Nxf6 h6 57. h5 Bg5 58. Nb4+ Kd6 59. Ne8+
Ke6 60. Ng7+ Kf6 61. Nf5 Bd2 62. Nd3 Nh2 63. Kd5 Ng4 64. Nc5 Bc3 65. Ne6 Bb2
66. Kd6 Ba3+ 67. Kd5 Bb4 68. Nd8 Bc3 69. Ne6 Kf7 70. Nd8+ Kf6 1/2-1/2

[Event "Elit(Vasteras-Team Viking)"]
[Site "?"]
[Date "2016.01.16"]
[Round "4"]
[White "Landgren, Andreas"]
[Black "Westerberg, Jonathan"]
[Result "0-1"]
[WhiteElo "2253"]
[BlackElo "2490"]
[PlyCount "114"]

1. e4 c5 2. Nf3 e6 3. c3 Nf6 4. e5 Nd5 5. d4 cxd4 6. cxd4 d6 7. a3 Bd7 8. Bd3
Bc6 9. O-O Nd7 10. Re1 Be7 11. Nbd2 dxe5 12. Nxe5 Nxe5 13. dxe5 Nf4 14. Be4 Nd3
15. Bxc6+ bxc6 16. Re2 O-O 17. Nf3 Nxe5 18. Rd2 Qc7 19. Nxe5 Qxe5 20. Re2 Rfd8
21. Qc2 Qb5 22. Be3 Bf6 23. Rc1 Rd5 24. h3 Rad8 25. Bxa7 c5 26. Qc4 Qb7 27.
Bxc5 Bxb2 28. Rf1 Rg5 29. g3 Bf6 30. Be3 Ra5 31. Bc1 h5 32. Re3 Rc8 33. Qe4 Qa6
34. Rd1 Rac5 35. Ree1 Rc2 36. Qf3 h4 37. Bd2 hxg3 38. Qxg3 Bd4 39. Be3 Bc3 40.
Bd4 Bxd4 41. Rxd4 R2c3 42. Re3 Rc1+ 43. Kh2 Qb7 44. Qg2 Qb2 45. Rdd3 R1c2 46.
Rf3 Qb5 47. Qg3 Qc6 48. Qf4 Qb7 49. Rb3 Qa7 50. Kg2 R2c5 51. Qe3 Qe7 52. a4 Qd7
53. Ra3 Ra5 54. Qe4 Rca8 55. Rf4 Qd6 56. Rg3 Rxa4 57. Rxf7 Qxg3+ 0-1

[Event "Elit(Vasteras-Team Viking)"]
[Site "?"]
[Date "2016.01.16"]
[Round "4"]
[White "Agrest, Inna"]
[Black "Norberg, Erik"]
[Result "0-1"]
[WhiteElo "2186"]
[BlackElo "2232"]
[PlyCount "78"]

1. e4 g6 2. d4 Bg7 3. Nc3 c6 4. Nf3 d5 5. h3 dxe4 6. Nxe4 Nd7 7. Bc4 Ngf6 8.
Neg5 Nd5 9. O-O O-O 10. Re1 b6 11. Qe2 h6 12. Ne4 Bb7 13. Bb3 Qc7 14. Ng3 Rae8
15. Ne5 c5 16. c3 Kh7 17. Bc2 Nxe5 18. dxe5 f5 19. exf6 Rxf6 20. Nh5 Rd6 21.
Nxg7 Kxg7 22. Qg4 e5 23. Qh4 g5 24. Bxg5 hxg5 25. Qxg5+ Kf8 26. Rxe5 Rxe5 27.
Qxe5 Rf6 28. Qh5 Qf7 29. Qh4 Nf4 30. Re1 Qg7 31. g3 Ng2 32. Re8+ Kxe8 33. Ba4+
Kf8 34. Qh5 Rf7 35. Bb3 Re7 36. Qf5+ Ke8 37. Be6 Qh6 38. Bd5 Ne3 39. fxe3 Qxe3+
0-1

[Event "Elit(Vasteras-Team Viking)"]
[Site "?"]
[Date "2016.01.16"]
[Round "4"]
[White "Brustkern, Jurgen"]
[Black "Bellon Lopez, Juan"]
[Result "1/2-1/2"]
[WhiteElo "2198"]
[BlackElo "2376"]
[PlyCount "83"]

1. c4 c5 2. Nc3 Nc6 3. e3 g6 4. d4 Bg7 5. Nf3 cxd4 6. exd4 d6 7. d5 Ne5 8. Nxe5
Bxe5 9. Be2 h5 10. h3 Bd7 11. Be3 Qa5 12. Rc1 Rc8 13. Qd2 Bg7 14. O-O Nh6 15.
Bd4 O-O 16. Bxg7 Kxg7 17. Qd4+ f6 18. g4 hxg4 19. hxg4 Nf7 20. Rfe1 g5 21. Ne4
Ne5 22. c5 Bb5 23. Rc3 Bxe2 24. Rxe2 Qxa2 25. Ng3 Rh8 26. cxd6 Rxc3 27. Qxc3
Qxd5 28. dxe7 Qd1+ 29. Kg2 Qd5+ 30. f3 Qc6 31. Nf5+ Kf7 32. Qb3+ Kg6 33. Nd4
Qc1 34. Qc2+ Qxc2 35. Rxc2 Nc6 36. Nxc6 bxc6 37. Rxc6 Rb8 38. b4 Kf7 39. Rc7 a6
40. Ra7 Rxb4 41. e8=Q+ Kxe8 42. Rxa6 1/2-1/2

[Event "Elit(Farsta-Burgsvik)"]
[Site "?"]
[Date "2016.01.16"]
[Round "4"]
[White "Fries Nielsen, Jens Ove"]
[Black "Sammalvuo, Tapani"]
[Result "1/2-1/2"]
[WhiteElo "2405"]
[BlackElo "2425"]
[PlyCount "83"]
[EventDate "2016.??.??"]
[SourceDate "2016.01.20"]

1. d4 Nf6 2. Nf3 e6 3. e3 b6 4. Bd3 Bb7 5. O-O c5 6. Nbd2 Be7 7. b3 cxd4 8.
exd4 O-O 9. Re1 Nc6 10. a3 Rc8 11. Bb2 Qc7 12. c4 d5 13. Rc1 Rfd8 14. Qe2 g6
15. b4 dxc4 16. Bxc4 Qd6 17. Bb3 Bf8 18. Nc4 Qe7 19. b5 Nb8 20. Nfe5 Nd5 21.
Ne3 Nxe3 22. Qxe3 Bd5 23. Bxd5 exd5 24. Qf3 Rxc1 25. Bxc1 Nd7 26. Nd3 Qf6 27.
Qxf6 Nxf6 28. Bg5 Kg7 29. Ne5 Rc8 30. Rc1 Rxc1+ 31. Bxc1 Ne4 32. Bb2 Nd6 33. a4
Nc4 34. Nxc4 dxc4 35. d5+ f6 36. Kf1 Bc5 37. Ke2 Kf7 38. Kd2 Bb4+ 39. Bc3 Bc5
40. Bb2 Bb4+ 41. Bc3 Bc5 42. Bb2 1/2-1/2

[Event "Elit(Farsta-Burgsvik)"]
[Site "?"]
[Date "2016.01.16"]
[Round "4"]
[White "Degerman, Lars"]
[Black "Krupenski, Juri"]
[Result "0-1"]
[WhiteElo "2462"]
[BlackElo "2406"]
[PlyCount "140"]

1. Nf3 Nf6 2. g3 b6 3. Bg2 Bb7 4. O-O e6 5. d3 d5 6. e4 dxe4 7. Ng5 h6 8. Nxe4
Nxe4 9. dxe4 Qxd1 10. Rxd1 Nd7 11. Nc3 O-O-O 12. Be3 g5 13. Bd4 Rg8 14. a4 a6
15. Na2 Be7 16. b4 Nf6 17. e5 Nd5 18. b5 a5 19. c3 Bc5 20. Rd2 Bxd4 21. cxd4
Rd7 22. Rad1 Rgd8 23. Kf1 Ne7 24. Nc3 Bxg2+ 25. Kxg2 Nf5 26. Ne2 Ne7 27. Kf3
Nd5 28. Kg4 f6 29. exf6 Nxf6+ 30. Kf3 Rf8 31. Nc1 Nd5+ 32. Kg2 Nc3 33. Re1 Rf6
34. Nb3 Nxa4 35. Re3 c5 36. bxc6 Rd5 37. Ra2 b5 38. Nxa5 Rxd4 39. Rae2 Rd6 40.
Rb3 Rd5 41. Rbe3 Nc5 42. Rb2 Na4 43. Rbe2 Nc5 44. Rb2 Nd3 45. Rc2 Kc7 46. Nb3
e5 47. Rd2 Rfd6 48. Kf3 Kxc6 49. Rc2+ Kb6 50. Ke4 Nb4 51. Rc8 Nc6 52. Rh8 b4
53. Rxh6 Rxh6 54. Kxd5 Rxh2 55. Re2 Kb5 56. Rc2 Nd4 57. Nxd4+ exd4 58. Kxd4 b3
59. Re2 Kb4 60. Ke4 Kc3 61. Kf5 b2 62. Re3+ Kd2 63. Rb3 Rxf2+ 64. Kxg5 Kc2 65.
Rb7 Rf3 66. Rxb2+ Kxb2 67. Kg4 Rf8 68. Kh5 Kc3 69. g4 Kd4 70. g5 Ke5 0-1

[Event "Elit(Farsta-Burgsvik)"]
[Site "?"]
[Date "2016.01.16"]
[Round "4"]
[White "Zadruzny, Nicolaj"]
[Black "Livner, Anders"]
[Result "1/2-1/2"]
[WhiteElo "2250"]
[BlackElo "2347"]
[PlyCount "97"]

1. e4 c6 2. Nf3 d5 3. exd5 cxd5 4. Ne5 Nf6 5. d4 g6 6. Bd3 Bg7 7. Nd2 Nc6 8.
Nxc6 bxc6 9. Nb3 Qb6 10. O-O O-O 11. Qf3 Nd7 12. Bf4 Qb4 13. Rfe1 Re8 14. c3
Qa4 15. h4 Bb7 16. Qg3 c5 17. Nxc5 Nxc5 18. dxc5 Rac8 19. h5 Rxc5 20. hxg6 hxg6
21. Be5 Rc6 22. Bxg7 Kxg7 23. Re3 Rf6 24. a3 d4 25. Qg4 Rxf2 26. Rg3 Rf6 27.
Qxd4 Qxd4+ 28. cxd4 Rd8 29. Rc1 Rc6 30. Rxc6 Bxc6 31. Re3 Rxd4 32. Be2 e6 33.
b4 Rd2 34. Bf1 Ra2 35. Rc3 Bd5 36. g3 Kf6 37. Bb5 Ke5 38. Be8 Kd4 39. Rc7 Rxa3
40. Bxf7 Rxg3+ 41. Kh2 Rg2+ 42. Kh3 a6 43. Bxe6 Re2 44. Bxd5 Kxd5 45. Rc5+ Kd4
46. Rc6 Ra2 47. Rxg6 Kc4 48. Rb6 Ra4 49. Kg3 1/2-1/2

[Event "Elit(Farsta-Burgsvik)"]
[Site "?"]
[Date "2016.01.16"]
[Round "4"]
[White "Ernst, Thomas"]
[Black "Linusson, Pelle"]
[Result "1/2-1/2"]
[WhiteElo "2361"]
[BlackElo "2233"]
[PlyCount "124"]

1. e4 e5 2. Nf3 Nc6 3. Bb5 a6 4. Ba4 Nf6 5. O-O Be7 6. Re1 b5 7. Bb3 d6 8. c3
O-O 9. h3 Nb8 10. d4 Nbd7 11. Nbd2 Bb7 12. Bc2 Re8 13. Nf1 Bf8 14. Ng3 g6 15.
a4 c6 16. Bg5 Qc7 17. Qd2 Bg7 18. Rad1 Rac8 19. Bh6 Bh8 20. Nf5 d5 21. dxe5
Nxe5 22. Nxe5 Rxe5 23. Ng3 Ree8 24. Bf4 Qb6 25. e5 Nd7 26. Be3 Qc7 27. f4 f6
28. exf6 Nxf6 29. Bd4 c5 30. Be5 Qc6 31. f5 Ne4 32. Nxe4 Bxe5 33. Ng5 Bb8 34.
fxg6 hxg6 35. Nf3 Kg7 36. Qg5 Qf6 37. Qg4 Bc6 38. h4 d4 39. Be4 Bxe4 40. Rxe4
Qf5 41. Qxf5 gxf5 42. Rxe8 Rxe8 43. cxd4 c4 44. axb5 axb5 45. Kf2 Kf6 46. Ra1
Re6 47. Ra5 Rb6 48. Ke2 Ke6 49. Kd2 Kd5 50. Kc3 Bg3 51. h5 Bf4 52. Ra8 b4+ 53.
Kc2 Rh6 54. Ra5+ Ke4 55. Rc5 Rxh5 56. Rxc4 Bd6 57. Rc8 Rh1 58. Re8+ Kd5 59. Kb3
Rf1 60. Re2 Rh1 61. Re8 Rf1 62. Re2 Rh1 1/2-1/2

[Event "Elit(Farsta-Burgsvik)"]
[Site "?"]
[Date "2016.01.16"]
[Round "4"]
[White "Andersson, Tommy"]
[Black "Hjelm, Niclas"]
[Result "1/2-1/2"]
[WhiteElo "2384"]
[BlackElo "2311"]
[PlyCount "53"]

1. d4 d5 2. c4 c6 3. Nf3 Nf6 4. e3 Bf5 5. Nc3 e6 6. Nh4 Be4 7. f3 Bg6 8. g3 Be7
9. Nxg6 hxg6 10. cxd5 cxd5 11. Bd3 Nc6 12. f4 Rc8 13. O-O Nd7 14. g4 f5 15. g5
Kf7 16. Rf2 Nb6 17. Bf1 Na5 18. Qd3 Nac4 19. b3 Nd6 20. Bb2 Ne4 21. Rc2 Nxc3
22. Rxc3 Rxc3 23. Qxc3 Qb8 24. Qd2 Rc8 25. Rc1 Rxc1 26. Qxc1 Qc8 27. Qxc8
1/2-1/2

[Event "Elit(Farsta-Burgsvik)"]
[Site "?"]
[Date "2016.01.16"]
[Round "4"]
[White "Jaderberg, Bjorn"]
[Black "Nygren, Kim"]
[Result "0-1"]
[WhiteElo "2146"]
[BlackElo "2274"]
[PlyCount "30"]

1. d4 f5 2. Nc3 Nf6 3. Bg5 d5 4. f3 e6 5. Qd2 c5 6. e3 Nc6 7. Nge2 Be7 8. Bf4
O-O 9. Be5 a6 10. Nf4 b5 11. Be2 Qb6 12. O-O-O Qa5 13. b3 c4 14. Bf1 Bd7 15.
Kb2 b4 0-1

[Event "Elit(Farsta-Burgsvik)"]
[Site "?"]
[Date "2016.01.16"]
[Round "4"]
[White "Larsson, Victor"]
[Black "Lundin, Jan"]
[Result "0-1"]
[WhiteElo "2207"]
[BlackElo "2251"]
[PlyCount "62"]

1. d4 d5 2. Nf3 Nf6 3. c4 dxc4 4. e3 Bg4 5. Bxc4 e6 6. Qb3 Bxf3 7. gxf3 c5 8.
Nc3 cxd4 9. Qxb7 Nbd7 10. exd4 Be7 11. Rg1 O-O 12. Bh6 Ne8 13. f4 Kh8 14. Bb5
Ndf6 15. Bg5 Nd6 16. Qg2 g6 17. Bd3 Rb8 18. Rb1 Rb4 19. d5 Rd4 20. Rd1 Nxd5 21.
Nxd5 Rxd5 22. Ke2 Bxg5 23. fxg5 Qa5 24. a3 Rd8 25. Qg3 Nf5 26. Bxf5 Re5+ 27.
Be4 Rxe4+ 28. Kf3 Qf5+ 29. Kg2 Rxd1 30. Qb8+ Kg7 31. Rxd1 Qg4+ 0-1

[Event "Elit(Farsta-Burgsvik)"]
[Site "?"]
[Date "2016.01.16"]
[Round "4"]
[White "Ong, Kezli"]
[Black "Packalen, Marcus"]
[Result "1-0"]
[WhiteElo "2271"]
[BlackElo "2171"]
[PlyCount "65"]

1. e4 Nf6 2. e5 Nd5 3. d4 d6 4. Nf3 Bg4 5. Be2 e6 6. O-O Be7 7. c4 Nb6 8. exd6
cxd6 9. Nc3 Nc6 10. d5 exd5 11. Nxd5 Nxd5 12. Qxd5 Be6 13. Qb5 O-O 14. Qxb7 Na5
15. Qe4 Nxc4 16. Nd4 Nb6 17. Bd3 g6 18. Nxe6 fxe6 19. Qxe6+ Kg7 20. Qh3 Rf7 21.
Be3 Bf6 22. Rad1 d5 23. b3 d4 24. Bh6+ Kg8 25. Rfe1 Qd7 26. Re6 Re8 27. Rde1
Rfe7 28. Rxe7 Rxe7 29. Rxe7 Qxe7 30. Qg3 Qe5 31. Qf3 Kf7 32. g3 Qd5 33. Bc4 1-0

[Event "Elit(Kungstornet-Rockaden,Sthlm)"]
[Site "?"]
[Date "2016.01.16"]
[Round "4"]
[White "Socko, Bartosz"]
[Black "von Bahr, Oskar"]
[Result "1-0"]
[WhiteElo "2581"]
[BlackElo "2379"]
[PlyCount "69"]
[EventDate "2016.??.??"]

1. d4 Nf6 2. c4 g6 3. Nc3 d5 4. Bf4 Bg7 5. e3 O-O 6. Rc1 Be6 7. c5 Bg4 8. Qb3
Bc8 9. Bg5 c6 10. f4 Ng4 11. Nd1 f6 12. Bh4 e5 13. h3 Nh6 14. Ne2 b6 15. dxe5
bxc5 16. exf6 Bxf6 17. Bxf6 Qxf6 18. Rxc5 Nf5 19. g4 Qh4+ 20. Nf2 Qe7 21. Rc3
Nh4 22. Kd1 Bb7 23. Qa3 Qxa3 24. Rxa3 Nd7 25. Ng3 c5 26. Bb5 Ne5 27. Rf1 Nef3
28. Nd3 a6 29. Bd7 d4 30. Nxc5 Bd5 31. e4 Bc4 32. Rfxf3 Nxf3 33. Rxf3 Kf7 34.
e5 Ke7 35. f5 1-0

[Event "Elit(Kungstornet-Rockaden,Sthlm)"]
[Site "?"]
[Date "2016.01.16"]
[Round "4"]
[White "Aronsson, Marten"]
[Black "Blomqvist, Erik"]
[Result "1/2-1/2"]
[WhiteElo "2295"]
[BlackElo "2492"]
[PlyCount "69"]
[EventDate "2016.01.22"]

1. d4 Nf6 2. Nf3 e6 3. g3 d5 4. Bg2 Be7 5. O-O O-O 6. c4 c6 7. Qc2 b6 8. b3
Nbd7 9. Nbd2 Bb7 10. Bb2 a5 11. Rad1 Qb8 12. e4 Rc8 13. Rfe1 a4 14. Bc3 axb3
15. axb3 Ra7 16. Ra1 Rxa1 17. Rxa1 c5 18. exd5 exd5 19. Re1 Bf8 20. Qf5 Re8 21.
Rxe8 Qxe8 22. Ne5 cxd4 23. Bxd4 Nc5 24. cxd5 Bxd5 25. Bxd5 Nxd5 26. Bxc5 Bxc5
27. Nd3 Qc6 28. Nxc5 bxc5 29. Ne4 h6 30. Qe5 c4 31. bxc4 Qxc4 32. Qe8+ Kh7 33.
Qe5 Qc1+ 34. Kg2 Qc6 35. Kg1 1/2-1/2

[Event "Elit(Kungstornet-Rockaden,Sthlm)"]
[Site "?"]
[Date "2016.01.16"]
[Round "4"]
[White "Bator, Robert"]
[Black "Backlund, Anders"]
[Result "1/2-1/2"]
[WhiteElo "2427"]
[BlackElo "2269"]
[PlyCount "42"]
[EventDate "2016.01.22"]

1. d4 e6 2. c4 Nf6 3. Nf3 Bb4+ 4. Nbd2 O-O 5. a3 Be7 6. e4 d5 7. Bd3 c5 8. e5
Nfd7 9. cxd5 exd5 10. O-O Nc6 11. Re1 Qb6 12. Qc2 h6 13. Bf5 c4 14. b3 Nxd4 15.
Nxd4 Qxd4 16. Bb2 Qc5 17. bxc4 Nb6 18. Rac1 Bg5 19. Bh7+ Kh8 20. Bd3 dxc4 21.
Rcd1 Bxd2 1/2-1/2

[Event "Elit(Kungstornet-Rockaden,Sthlm)"]
[Site "?"]
[Date "2016.01.16"]
[Round "4"]
[White "Henriksson, Johan"]
[Black "Barkhagen, Jonas"]
[Result "0-1"]
[WhiteElo "2286"]
[BlackElo "2435"]
[PlyCount "92"]
[EventDate "2016.01.22"]

1. d4 Nf6 2. c4 e6 3. g3 d5 4. Nf3 dxc4 5. Qa4+ c6 6. Qxc4 b5 7. Qc2 Bb7 8. Bg2
Nbd7 9. Ne5 Qb6 10. O-O c5 11. Nxd7 Nxd7 12. Bxb7 Qxb7 13. Be3 Rc8 14. Nc3 b4
15. Qe4 Qa6 16. Nd1 c4 17. f4 Be7 18. g4 O-O 19. g5 f5 20. Qc2 Nb6 21. Bf2 Nd5
22. e3 c3 23. b3 Qb5 24. Re1 a5 25. Bg3 Bd6 26. Nf2 Ra8 27. Nd3 a4 28. Rad1
axb3 29. axb3 Ra6 30. Nc1 Bc7 31. h4 Rfa8 32. Kh2 Ne7 33. Re2 Nc8 34. d5 Ne7
35. e4 fxe4 36. dxe6 Rxe6 37. Rxe4 Qf5 38. Re2 Qxc2 39. Rxc2 Nf5 40. Rd7 Rd8
41. Rxd8+ Bxd8 42. Na2 Be7 43. Bf2 Re4 44. Nxc3 bxc3 45. Rxc3 Rxf4 46. Bg3 Rg4
0-1

[Event "Elit(Kungstornet-Rockaden,Sthlm)"]
[Site "?"]
[Date "2016.01.16"]
[Round "4"]
[White "Karlsson, Lars"]
[Black "Wikner, Arvid"]
[Result "1-0"]
[WhiteElo "2457"]
[BlackElo "2233"]
[PlyCount "55"]
[EventDate "2016.??.??"]

1. b3 e5 2. Bb2 Nc6 3. Nf3 e4 4. Ne5 Qg5 5. Nxc6 dxc6 6. c4 Nf6 7. e3 Bg4 8.
Qc2 O-O-O 9. h3 Be6 10. Nc3 Be7 11. O-O-O Rd7 12. g4 Rhd8 13. d4 exd3 14. Bxd3
Qa5 15. f4 Ba3 16. f5 Bd5 17. cxd5 Nxd5 18. Nxd5 Rxd5 19. Bxa3 Qxa3+ 20. Kb1
Qb4 21. Rhf1 Rc5 22. Rf4 Qa5 23. b4 Rxc2 24. bxa5 Rc5 25. a6 Rb5+ 26. Kc2 Rc5+
27. Rc4 Ra5 28. axb7+ 1-0

[Event "Elit(Kungstornet-Rockaden,Sthlm)"]
[Site "?"]
[Date "2016.01.16"]
[Round "4"]
[White "Andersson, Fredrik"]
[Black "Engqvist, Thomas"]
[Result "1-0"]
[WhiteElo "2266"]
[BlackElo "2358"]
[PlyCount "67"]
[EventDate "2016.??.??"]

1. d4 Nf6 2. c4 c6 3. Nc3 d5 4. e3 g6 5. Nf3 Bg7 6. Be2 O-O 7. O-O h6 8. b3 Ne4
9. Bb2 Nxc3 10. Bxc3 Be6 11. Qc2 Nd7 12. e4 dxe4 13. Qxe4 Qc7 14. h3 b5 15.
Rac1 bxc4 16. bxc4 Rab8 17. Qe3 Qb7 18. Bd3 Nb6 19. Ne5 Qc8 20. Rfe1 Bf5 21.
Bxf5 gxf5 22. Qf3 Bxe5 23. Rxe5 Nxc4 24. Rxf5 Qe6 25. Re1 Qg6 26. Rf4 Kh7 27.
Rxe7 Rb1+ 28. Kh2 Rc1 29. Rexf7+ Rxf7 30. Rxf7+ Kg8 31. Rf6 Qe8 32. Qg4+ Kh7
33. Qf4 Rxc3 34. Qxh6+ 1-0

[Event "Elit(Kungstornet-Rockaden,Sthlm)"]
[Site "?"]
[Date "2016.01.16"]
[Round "4"]
[White "Kenneskog, Theodor"]
[Black "Glimbrant, Torbjorn"]
[Result "1/2-1/2"]
[WhiteElo "2352"]
[BlackElo "2192"]
[PlyCount "98"]
[EventDate "2016.01.22"]

1. d4 d5 2. c4 dxc4 3. e4 Nf6 4. e5 Nd5 5. Bxc4 Nb6 6. Bd3 Nc6 7. Be3 Nb4 8.
Be4 N4d5 9. Nc3 c6 10. Nge2 Be6 11. O-O Qd7 12. Ng3 f6 13. exf6 exf6 14. Qh5+
Qf7 15. Rfe1 Qxh5 16. Nxh5 Kf7 17. Nf4 Nxf4 18. Bxf4 Bb4 19. a3 Be7 20. Bc7 Nd5
21. Nxd5 cxd5 22. Bd3 Rac8 23. Rac1 g6 24. Rc3 f5 25. Rec1 Bg5 26. f4 Bf6 27.
Be5 Rxc3 28. Rxc3 Rc8 29. Rb3 b6 30. Rc3 Rxc3 31. bxc3 Be7 32. a4 Bd7 33. Bb5
Ke8 34. Kf2 a6 35. Bxa6 Bxa4 36. Bb7 Bb3 37. Bc6+ Kd8 38. h3 h5 39. g4 hxg4 40.
hxg4 Bh4+ 41. Kf3 Be1 42. g5 Bxc3 43. Bf6+ Kc7 44. Be8 Bd1+ 45. Ke3 Bh5 46.
Be5+ Kb7 47. Bf7 Kc6 48. Be8+ Kb7 49. Bf7 Kc6 1/2-1/2

[Event "Elit(Kungstornet-Rockaden,Sthlm)"]
[Site "?"]
[Date "2016.01.16"]
[Round "4"]
[White "Larsson, Anders"]
[Black "Hedman, Erik"]
[Result "0-1"]
[WhiteElo "2221"]
[BlackElo "2349"]
[PlyCount "84"]
[EventDate "2016.??.??"]

1. e4 c5 2. Nf3 Nc6 3. Bb5 d6 4. O-O Bd7 5. Re1 Nf6 6. c3 a6 7. Bf1 Bg4 8. h3
Bxf3 9. Qxf3 e6 10. d3 Be7 11. Nd2 O-O 12. Qe2 b5 13. Nf3 d5 14. Bg5 h6 15. Bh4
b4 16. Rac1 a5 17. e5 Nd7 18. Bxe7 Nxe7 19. g3 bxc3 20. bxc3 Rb8 21. d4 Qb6 22.
Qd2 Qb2 23. Qd3 c4 24. Qe3 Qxa2 25. Ra1 Qb2 26. Rxa5 Ra8 27. Rxa8 Rxa8 28. Qc1
Qxc1 29. Rxc1 Ra3 30. Be2 Nc6 31. Kf1 f6 32. exf6 gxf6 33. Nd2 Kf7 34. h4 e5
35. dxe5 fxe5 36. f4 exf4 37. gxf4 Nc5 38. Bf3 Ne7 39. Rb1 Rxc3 40. Rb5 Nd3 41.
Bxd5+ Nxd5 42. Rxd5 Rc1+ 0-1

[Event "Elit(Rockaden,Sthlm-Burgsvik)"]
[Site "?"]
[Date "2016.01.17"]
[Round "5"]
[White "Krupenski, Juri"]
[Black "Blomqvist, Erik"]
[Result "1/2-1/2"]
[WhiteElo "2406"]
[BlackElo "2492"]
[PlyCount "80"]

1. d4 d5 2. c4 dxc4 3. e3 Nf6 4. Bxc4 e6 5. Nf3 c5 6. O-O a6 7. Bd3 Nc6 8. Nc3
Be7 9. a3 O-O 10. dxc5 Bxc5 11. b4 Ba7 12. Bb2 Qe7 13. Ne4 Nxe4 14. Bxe4 Bd7
15. Nd4 Rac8 16. Qh5 f5 17. Nxc6 Bxc6 18. Bxc6 Rxc6 19. Rac1 Rfc8 20. Rxc6 Rxc6
21. Rd1 Bb8 22. Qe2 h6 23. g3 Rd6 24. Rxd6 Bxd6 25. e4 fxe4 26. Qxe4 Qd7 27.
Qd4 Qc7 28. Qg4 e5 29. Qe6+ Kf8 30. Kg2 Qe7 31. Qxe7+ Kxe7 32. Kf3 Ke6 33. Ke4
h5 34. h3 g6 35. Bc3 b5 36. f3 Bc7 37. g4 Bd6 38. Bd2 Be7 39. Bc3 Bd6 40. Bb2
Bc7 1/2-1/2

[Event "Elit(Rockaden,Sthlm-Burgsvik)"]
[Site "?"]
[Date "2016.01.17"]
[Round "5"]
[White "Socko, Bartosz"]
[Black "Nygren, Kim"]
[Result "0-1"]
[WhiteElo "2581"]
[BlackElo "2274"]
[PlyCount "90"]

1. d4 f5 2. g3 Nf6 3. Bg2 e6 4. c4 Be7 5. Nc3 O-O 6. b3 d6 7. Bb2 Qe8 8. Nf3
Qh5 9. Qc2 Nc6 10. a3 e5 11. Nd5 e4 12. Nxc7 exf3 13. Bxf3 Qh3 14. Nxa8 Bd8 15.
O-O-O f4 16. gxf4 Bf5 17. Qc3 Qh4 18. Bxc6 bxc6 19. Qg3 Qh5 20. f3 Qe8 21. e4
Nh5 22. Qe1 Bh3 23. Rg1 Rxf4 24. d5 Rxf3 25. e5 Bf5 26. exd6 Re3 27. Bxg7 Qe4
28. Bd4+ Kf7 29. Kb2 Qc2+ 30. Ka1 Rxe1 31. Rdxe1 Qxb3 32. Re3 Qxc4 33. Bb2 Bf6
34. Rge1 Bxb2+ 35. Kxb2 Qd4+ 36. Kb3 Qxd5+ 37. Kb2 Nf4 38. Re7+ Kf6 39. Nc7
Qd2+ 40. Ka1 Qc3+ 41. Ka2 Nd3 42. Ne8+ Kg6 43. Rg1+ Kh6 44. Rb7 Qc4+ 45. Rb3
Qc2+ 0-1